000 00955nam a2200301Ia 4500
001 Para_6216
003 CHAP
008 220125s1983 xx 000 0 und d
010 _a203666
040 _cCHAP
090 _aPA FOLLETO 317
100 _aRamírez Zamora, Rosalío
_994342
245 _aLogros y aportaciones de la investigación agrícola en los cultivos de coco y palma africana /
_c por Rosalío Ramírez Zamora
260 _aMéxico :
_b SARH. INIA
300 _a15 p.
440 _aPublicación especial; 110
_9169531
650 _aCoco
_x México
_924260
650 _aCoco
_x plagas
_924262
650 _aPalma africana
_x investigación
_9169532
710 _aInstituto Nacional de Investigaciones Agrícolas (México)
_959316
901 _aPA FOLLETO 317
902 _aA
905 _a0000001983 0000000000 00
910 _a1983
942 _cPARA
942 _cPARA
_d1
999 _c203666
_d203666